Maybe Man Lyrics - AJR - Statistics

General Stats
  • This quiz has been taken 50 times
  • The average score is 397 of 439
Answer Stats
Answer % Correct
a
100%
and
100%
And
100%
big
100%
bottle
100%
dog
100%
go
100%
I
100%
Jack
100%
me
100%
my
100%
of
100%
on
100%
so
100%
two
100%
was
100%
we
100%
who
100%
Wish
100%
wish
100%
be
95%
But
95%
cocaine
95%
could
95%
couldn't
95%
deal
95%
die
95%
Don't
95%
don't
95%
every
95%
feel
95%
God
95%
hear
95%
house
95%
I'd
95%
in
95%
In
95%
live
95%
long
95%
make
95%
no
95%
one
95%
One
95%
or
95%
stone
95%
the
95%
Then
95%
then
95%
to
95%
would
95%
wouldn't
95%
yell
95%
you
95%
act
90%
as
90%
couch
90%
days
90%
face
90%
fit
90%
for
90%
For
90%
frat
90%
friends
90%
get
90%
gone
90%
good
90%
her
90%
if
90%
If
90%
I'm
90%
invited
90%
is
90%
it
90%
it'd
90%
kind
90%
know
90%
lawn
90%
mind
90%
minutes
90%
miss
90%
not
90%
old
90%
only
90%
real
90%
reel
90%
sad
90%
show
90%
skip
90%
smile
90%
that
90%
three
90%
TV
90%
up
90%
want
90%
way
90%
were
90%
what
90%
what?
90%
when
90%
win
90%
You'll
90%
your
90%
you're
90%
all
86%
at
86%
baby
86%
back
86%
bad
86%
bein'
86%
born
86%
changed
86%
come
86%
crowd
86%
eyes
86%
gonna
86%
head
86%
home
86%
I'll
86%
life
86%
out
86%
point
86%
practice
86%
prom
86%
she's
86%
shit
86%
size
86%
sleep
86%
small
86%
song
86%
style
86%
talkin'
86%
therapist's
86%
there
86%
think
86%
trees
86%
trip
86%
triple
86%
wanna
86%
You'd
86%
you'd
86%
are
81%
bill
81%
cover
81%
cry
81%
deep
81%
favorite
81%
fight
81%
had
81%
joke
81%
now
81%
other
81%
put
81%
really
81%
rich
81%
see
81%
some
81%
sure
81%
too
81%
travel
81%
use
81%
with
81%
won't
81%
am
76%
anything
76%
been
76%
believe
76%
'bout
76%
brain
76%
'Cause
76%
complain
76%
cruel
76%
fuckin'
76%
into
76%
I've
76%
love
76%
nail
76%
never
76%
Nobody'd
76%
places
76%
weird
76%
well
76%
dance
71%
death
71%
did
71%
glad
71%
him
71%
kinda
71%
break
67%
hell
67%
pandemonium
67%
passed
67%
again
62%
Here
62%
loved
62%
matter
62%
stuff
62%
whoever
62%
Yeah
62%
give
57%
just
57%
say
57%
fan
48%
makes
48%
whatever
48%
Hey
43%
No matching quizzes found
Score Distribution
Percent of People with Each Score
Percentile by Number Answered
Your Score History
You have not taken this quiz